| 000 -LEADER |
| fixed length control field |
01322pab a2200157 454500 |
| 008 - FIXED-LENGTH DATA ELEMENTS--GENERAL INFORMATION |
| fixed length control field |
180718b2001 xxu||||| |||| 00| 0 eng d |
| 100 ## - MAIN ENTRY--PERSONAL NAME |
| Personal name |
Gormley, William T. Jr. |
| 245 ## - TITLE STATEMENT |
| Title |
Moralists, pragmatists and rogues: bureaucrats in modern mysteries |
| 260 ## - PUBLICATION, DISTRIBUTION, ETC. |
| Date of publication, distribution, etc. |
2001 |
| 300 ## - PHYSICAL DESCRIPTION |
| Extent |
p.184-93 |
| 362 ## - DATES OF PUBLICATION AND/OR SEQUENTIAL DESIGNATION |
| Dates of publication and/or sequential designation |
Mar-Apr |
| 520 ## - SUMMARY, ETC. |
| Summary, etc. |
Many contemporary mysteries feature bureaucrats struggling with difficult ethical dilemmas. Should they lie? Disobey an order? Use physical force? Break the law in order to catch a criminal? In addition to their entertainment value, mysteries offer untapped opportunities to reflect on the moral conflicts faced by civil servants. In this article, the author analyzes the work of 12 modern mystery writers whose protagonists include police detectives, a medical examiner, a prosecutor, a park ranger, and a fire chief. Several types of bureaucrats are identified including moralists, pragmatists, and rogues. The author then links these types to broader ethical philosophies, such as act-utilitarianism, rule-utilitarianism, ethical egoism, and Kant's categorical imperative. He concludes that mysteries can be an effective teaching tool for courses in ethics and public administration. - Reproduced |
| 650 ## - SUBJECT ADDED ENTRY--TOPICAL TERM |
| Topical term or geographic name entry element |
Civil service |
| 773 ## - HOST ITEM ENTRY |
| Main entry heading |
Public Administration Review |
| 909 ## - |
| -- |
49205 |